|
|
|
|
| LEADER |
02322nam a22004215i 4500 |
| 001 |
978-88-470-2303-1 |
| 003 |
DE-He213 |
| 005 |
20151120201258.0 |
| 007 |
cr nn 008mamaa |
| 008 |
111224s2012 it | s |||| 0|ita d |
| 020 |
|
|
|a 9788847023031
|9 978-88-470-2303-1
|
| 024 |
7 |
|
|a 10.1007/978-88-470-2303-1
|2 doi
|
| 040 |
|
|
|d GrThAP
|
| 050 |
|
4 |
|a RC466.8
|
| 072 |
|
7 |
|a MMJ
|2 bicssc
|
| 072 |
|
7 |
|a PSY007000
|2 bisacsh
|
| 082 |
0 |
4 |
|a 616.89
|2 23
|
| 100 |
1 |
|
|a Compare, Angelo.
|e author.
|
| 245 |
1 |
0 |
|a Relazione di coppia e malattia cardiaca
|h [electronic resource] :
|b Clinica psicologica relazionale in psicocardiologia /
|c by Angelo Compare.
|
| 264 |
|
1 |
|a Milano :
|b Springer Milan,
|c 2012.
|
| 300 |
|
|
|a XV, 215 pagg.
|b online resource.
|
| 336 |
|
|
|a text
|b txt
|2 rdacontent
|
| 337 |
|
|
|a computer
|b c
|2 rdamedia
|
| 338 |
|
|
|a online resource
|b cr
|2 rdacarrier
|
| 347 |
|
|
|a text file
|b PDF
|2 rda
|
| 520 |
|
|
|a È noto che la relazione di coppia abbia numerose conseguenze positive sulla salute cardiaca delle persone che vi sono coinvolte: si riscontra, per esempio, un minor tasso di mortalità dopo un infarto del miocardio e una migliore aderenza ai programmi di riabilitazione. Nella vita a due, tuttavia, non esistono solo risvolti positivi. Una relazione di coppia può infatti essere considerata un fattore di rischio comune e importante, che può generare condizioni come depressione, ostilità e reattività cardiovascolare. Questo volume presenta un quadro esaustivo e dettagliato del problema e aiuta a comprendere come la relazione di coppia possa diventare un fattore che aumenta il rischio cardiaco o peggiora la prognosi dopo un evento acuto, per esempio un infarto. Vengono quindi forniti gli strumenti utili a interpretare e a intervenire su quegli aspetti di una relazione di coppia che possono ridurre il rischio e rinforzare i fattori protettivi.
|
| 650 |
|
0 |
|a Psychology.
|
| 650 |
|
0 |
|a Cardiology.
|
| 650 |
|
0 |
|a Clinical psychology.
|
| 650 |
1 |
4 |
|a Psychology.
|
| 650 |
2 |
4 |
|a Clinical Psychology.
|
| 650 |
2 |
4 |
|a Cardiology.
|
| 710 |
2 |
|
|a SpringerLink (Online service)
|
| 773 |
0 |
|
|t Springer eBooks
|
| 776 |
0 |
8 |
|i Printed edition:
|z 9788847023024
|
| 856 |
4 |
0 |
|u http://dx.doi.org/10.1007/978-88-470-2303-1
|z Full Text via HEAL-Link
|
| 912 |
|
|
|a ZDB-2-BHS
|
| 950 |
|
|
|a Behavioral Science (Springer-11640)
|